[Event "Rowy Seniors op 7th"]
[Site "Rowy"]
[Date "2003.09.02"]
[Round "3"]
[White "Weglarz, Janusz"]
[Black "Prokopczuk, Antoni"]
[Result "1/2-1/2"]
[WhiteElo "2060"]
[BlackElo "2000"]
[PlyCount "134"]
[EventDate "2003.08.??"]
[EventType "swiss"]
[EventRounds "9"]
[EventCountry "POL"]
[SourceTitle "EXT 2006"]
[Source "ChessBase"]
[SourceDate "2005.11.24"]
[SourceVersion "1"]
[SourceVersionDate "2005.11.24"]
[SourceQuality "1"]

1. Nf3 Nf6 2. g3 g6 3. Bg2 Bg7 4. 0-0 d5 5. d4 c6 6. c3 0-0 7. Nbd2 Nbd7 8. Qc2 Re8 9. e4 dxe4 10. Nxe4 Nxe4 11. Qxe4 Nb6 12. Bf4 Bf5 13. Qe2 Nd5 14. Bd2 Bg4 15. h3 Bxf3 16. Qxf3 e5 17. dxe5 Rxe5 18. Rfd1 Qe7 19. Re1 Rxe1+ 20. Rxe1 Qf6 21. Qxf6 Bxf6 22. Bxd5 cxd5 23. Be3 Re8 24. Rd1 Rd8 25. Bxa7 Ra8 26. Bd4 Bxd4 27. Rxd4 Rxa2 28. Rb4 Ra7 29. Rb5 Kf8 30. Rxd5 Ke7 31. Rb5 Kd6 32. Kg2 Kc6 33. Rb4 b5 34. Kf3 Kc5 35. Re4 Rd7 36. b4+ Kc6 37. Ke3 f5 38. Rd4 Re7+ 39. Kd2 g5 40. f3 h6 41. f4 Re6 42. c4 bxc4 43. Rxc4+ Kb5 44. Rc5+ Kxb4 45. Rxf5 gxf4 46. Rxf4+ Kc5 47. Kd3 Kd6 48. Kd4 Rg6 49. g4 Ke6 50. Ke4 Rg8 51. Rf5 Rg6 52. Kf4 Ke7 53. Kg3 Ke6 54. Kh4 Rf6 55. Ra5 Kf7 56. Kh5 Kg7 57. Ra7+ Kg8 58. h4 Re6 59. Rd7 Rf6 60. Rd5 Kg7 61. g5 hxg5 62. Rd7+ Rf7 63. Rxf7+ Kxf7 64. hxg5 Kg7 65. Kg4 Kg6 66. Kf4 Kg7 67. Kf5 Kf7 1/2-1/2